Les clubs de football les plus suivis sur les réseau sociaux - Statistiques

Statistiques générales
  • Ce quiz a été pris 350 fois
  • Le résultat moyen est 9 sur 10
Statistiques - réponses
Followers Club % Correct
252.1 millions Real Madrid
99%
250.3 millions FC Barcelone
98%
76 millions Manchester City
94%
142 millions Manchester United
94%
104.1 millions Juventus
87%
93.4 millions Chelsea
85%
92.7 millions Liverpool
85%
75.9 millions Arsenal
84%
88.7 millions Bayern Munich
83%
91 millions Paris Saint Germain
74%
Aucun quiz correspondant
Distribution des résultats
% des personnes avec chaque résultat
Percentile par nombre de réponses
Votre historique - résultats
Vous n’avez pas pris ce quiz